[Event "Prague Mencik Memorial 6th"]
[Site "Prague"]
[Date "2023.09.24"]
[Round "7"]
[White "Chernookov, Nikita"]
[Black "Muron, Miroslav"]
[Result "1-0"]
[WhiteElo "1140"]
[BlackElo "2125"]
[PlyCount "43"]
[EventDate "2023.09.24"]
[EventType "swiss"]
[EventRounds "9"]
[EventCountry "CZE"]
[SourceTitle "EXT 2024"]
[Source "ChessBase"]
[SourceDate "2023.10.10"]
[SourceVersion "1"]
[SourceVersionDate "2023.10.10"]
[SourceQuality "1"]

1. d4 Nf6 2. c4 g6 3. Nc3 Bg7 4. e4 d6 5. f4 0-0 6. Nf3 c5 7. dxc5 dxc5 8. Be3 Qa5 9. Bd3 Nc6 10. 0-0 Ng4 11. Bd2 Qd8 12. Qe2 Nd4 13. Nxd4 Qxd4+ 14. Kh1 Rd8 15. Nd5 e6 16. Bc3 exd5 17. Bxd4 Bxd4 18. cxd5 Ne3 19. Rfe1 Bg4 20. Qd2 b5 21. Rxe3 c4 22. Be2 1-0

[Event "Prague Mencik Memorial 6th"]
[Site "Prague"]
[Date "2023.09.24"]
[Round "8"]
[White "Vrabec, Milos"]
[Black "Chernookov, Nikita"]
[Result "0-1"]
[WhiteElo "2190"]
[BlackElo "1140"]
[PlyCount "62"]
[EventDate "2023.09.24"]
[EventType "swiss"]
[EventRounds "9"]
[EventCountry "CZE"]
[SourceTitle "EXT 2024"]
[Source "ChessBase"]
[SourceDate "2023.10.10"]
[SourceVersion "1"]
[SourceVersionDate "2023.10.10"]
[SourceQuality "1"]

1. Nf3 e6 2. c4 Nf6 3. Nc3 c5 4. d4 d5 5. e3 Nc6 6. a3 cxd4 7. exd4 Be7 8. Bg5 h6 9. Bh4 b6 10. Rc1 Bb7 11. cxd5 Nxd5 12. Bxe7 Ncxe7 13. Bb5+ Bc6 14. Bxc6+ Nxc6 15. Qa4 Nde7 16. Ne5 Qxd4 17. Nxc6 Qxa4 18. Nxa4 Rc8 19. Ke2 Rxc6 20. Rxc6 Nxc6 21. Rd1 Ke7 22. Nc3 Rd8 23. Rxd8 Nxd8 24. Nb5 Nc6 25. Kd3 g5 26. b4 a6 27. Nc7 Nb8 28. Na8 b5 29. Nb6 Kd6 30. a4 Kc7 31. a5 Nd7 0-1